Towards a rational U.S. policy on river basin development in the Sahel /

Bibliographic Details
Other Authors: Joyce, Charles L.
Format: Microform Book
Language:English
Published: Washington : [publisher not identified], 1978.
Series:Sahel, documents and dissertations ; AS 210.
Subjects:

MARC

Tag First Indicator Second Indicator Subfields
LEADER 00000cam a2200000 i 4500
001 in00000944708
005 20150925134035.0
007 he bmu|||bubu
008 801025r19801978miuab b 00000 eng d
035 |a (OCoLC)06865351 
035 |9 AES5034AM 
037 |a CL00550  |b University Microfilms International 
037 |b University Microfilms International, 300 N. Zeeb Rd., Ann Arbor, MI 48106 
040 |a UMI  |c UMI  |d UtOrBLW 
043 |a f------ 
049 |a TXAI 
090 |a TD319.S25  |b T68 1978 
099 |a fiche   |a  C   |a  5159 
245 0 0 |a Towards a rational U.S. policy on river basin development in the Sahel /  |c prepared by Charles L. Joyce. 
264 1 |a Washington :  |b [publisher not identified],  |c 1978. 
300 |a 335 pages in various pagings :  |b illustrations, maps 
336 |a text  |b txt  |2 rdacontent 
337 |a microform  |b h  |2 rdamedia 
338 |a microfiche  |b he  |2 rdacarrier 
500 |a "Proceedings: Colloquim, Washington, D.C., March 31-April 1, 1978". 
500 |a Microfiche. Ann Arbor, Mich. : University Microfilms International, 1980. -- 4 sheets ; 11 x 15 cm. --(Sahel : documents and dissertations ; AS 210). 
500 |a Microform. 
650 0 |a Water-supply  |z Sahel  |x Congresses. 
650 0 |a Water resources development  |z Sahel  |x Congresses. 
700 1 |a Joyce, Charles L. 
830 0 |a Sahel, documents and dissertations ;  |v AS 210. 
999 |a MARS 
999 f f |s b486a349-3f3f-32d8-8807-6d3b04cea35b  |i 7292268c-01e2-39da-a259-5e7bfc7564dd  |t 0 
952 f f |p normal  |a Texas A&M University  |b College Station  |c Sterling C. Evans Library  |d Evans: Microforms (3rd floor)  |t 0  |e fiche C 5159 AS 210  |h Other scheme  |i microform -- microfiche  |m A14821882553 
998 f f |a fiche C 5159 AS 210  |t 0  |l Evans: Microforms (3rd floor)